000
00336 a2200157 4500
001
177056
020
_a
040
_c
Magnum
100
_a
Verissimo, Erico
240
1
0
_a
Olhai os lírios do campo
_l
por
245
1
0
_a
Olhai os lírios do campo
362
0
_a
1899
440
1
_a
Globo
697
_a
MAGNITO: A/ROMANCE
942
_c
BK
999
_c
177056
_d
177056